His Excellency the Earl of Bellomont's speech to the House of Representatives convened in General Assembly at New-York the 29th day of July, 1700.

Bibliographic Details
Corporate Authors: New York (Colony). Governor (1698-1701 : Bellomont), New York (Colony). General Assembly
Other Authors: Bellomont, Richard Coote, Earl of, 1636-1701
Format: eBook
Language:English
Series:Early American imprints. Evans (1639-1800) ; no. 943.
Subjects:
Online Access:Evans Digital Edition

MARC

Tag First Indicator Second Indicator Subfields
LEADER 00000cam a22000001a 4500
001 in00002157621
006 m e d #
007 cr mn mmmmabba
008 880413s1700 nyu s s000 0 eng d
005 20260330192549.1
035 |z w016105 
035 |a MAAR8804133352B 
035 |9 mwa91-22841 
035 |a 325236 
035 |a aas03016105 
040 |a MWA  |c MWA  |e bdrb  |d UtOrBLW 
110 1 |a New York (Colony).  |b Governor (1698-1701 : Bellomont) 
245 1 0 |a His Excellency the Earl of Bellomont's speech to the House of Representatives convened in General Assembly at New-York the 29th day of July, 1700. 
264 3 |a [New York] :  |b [Printed by William Bradford],  |c [1700] 
300 |a 1 sheet (1 unnumbered page) 
336 |a text  |b txt  |2 rdacontent 
337 |a computer  |b c  |2 rdamedia 
338 |a online resource  |b cr  |2 rdacarrier 
500 |a "By virtue of an order from the Honourable House of Representatives, I do appoint William Bradford to print His Excellency's speech. Abra. Gouveneur, speaker." 
510 4 |a Evans  |c 943 
510 4 |a Wing (2nd ed.)  |c B1847 
530 |a Microform version available in the Readex Early American Imprints series. 
533 |a Electronic text and image data.  |b [Chester, Vt. :  |c Readex, a division of Newsbank, Inc.,  |d 2002-2004.  |e Includes files in TIFF, GIF and PDF formats with inclusion of keyword searchable text.  |f (Early American imprints. First series ; no. 943). 
500 |a Electronic resource. 
650 0 |a Indians of North America  |z New York (State)  |x Government relations. 
655 7 |a Broadsides.  |2 rbgenr 
700 1 |a Bellomont, Richard Coote,  |c Earl of,  |d 1636-1701. 
710 1 |a New York (Colony).  |b General Assembly. 
752 |a United States  |b New York  |d New York. 
830 0 |a Early American imprints.  |n Series I,  |p Evans (1639-1800) ;  |v no. 943. 
856 4 1 |u http://proxy.library.tamu.edu/login?url=https://opac.newsbank.com/select/evans/943  |y Evans Digital Edition  |t 0 
999 |a MARS 
999 f f |s 244a5eab-0ed5-382d-9762-c9568b095778  |i 198af560-790b-3245-99a0-4a83cc994ca4  |t 0 
952 f f |a Texas A&M University  |b College Station  |c Electronic Resources  |s www_evans  |d Available Online  |t 0  |h No information provided 
998 f f |t 0  |l Available Online